000 00479pab a2200169 454500
008 180718b2004 xxu||||| |||| 00| 0 eng d
100 _aPrasad, Jagdish
245 _aLand reforms: an introspective view in the context of economic liberalization
260 _c2004
300 _ap.76-82.
362 _aJan-Jun
650 _aLiberalization
650 _aEconomic liberalization
650 _aLand reform
773 _aJournal of Social and Economic Studies
909 _a63278
999 _c63278
_d63278